[Event "Sydney International Open"]
[Site "Parramatta, NSW, Australia"]
[Date "2008.03.29"]
[Round "9.6"]
[White "Malakhatko, Vadim"]
[Black "Metz, Hartmut"]
[Result "1-0"]
[WhiteElo "2600"]
[BlackElo "2338"]
[Annotator "www.chessaustralia.com.au"]
[PlyCount "79"]
[EventDate "2008.03.27"]
[EventType "game"]
[EventRounds "9"]
[EventCountry "AUS"]
[Source "ACE"]

1. d4 d5 2. c4 c6 3. Nc3 Nf6 4. e3 e6 5. Nf3 Nbd7 6. Bd3 dxc4 7. Bxc4 b5 8. Bd3
Bb7 9. O-O a6 10. e4 c5 11. d5 c4 12. Bc2 Bc5 13. dxe6 fxe6 14. Ng5 Nf8 15. Qe2
h6 16. Nf3 Qb6 17. a4 N8d7 18. e5 Nd5 19. Bg6+ Ke7 20. Qe4 Nf8 21. Qh4+ Kd7 22.
Bc2 Kc7 23. Ne4 Nd7 24. Nxc5 Qxc5 25. Bd2 Qe7 26. Ba5+ Kb8 27. Qxe7 Nxe7 28.
Nd4 Nc6 29. Nxc6+ Bxc6 30. f4 Kb7 31. f5 exf5 32. e6 Nc5 33. Rxf5 Be4 34. Rxc5
Bxc2 35. Rc7+ Kb8 36. Rf1 Rc8 37. Rxg7 Ra7 38. Rff7 Rxf7 39. exf7 Bxa4 40. Rg8
1-0

[Event "Sydney International Open"]
[Site "Parramatta, NSW, Australia"]
[Date "2008.03.29"]
[Round "9.7"]
[White "Solomon, Stephen"]
[Black "Dragicevic, Domagoj"]
[Result "1-0"]
[WhiteElo "2468"]
[BlackElo "2215"]
[Annotator "www.chessaustralia.com.au"]
[PlyCount "93"]
[EventDate "2008.03.27"]
[EventType "game"]
[EventRounds "9"]
[EventCountry "AUS"]
[Source "ACE"]

1. e4 g6 2. d4 Bg7 3. Nc3 d6 4. Be3 a6 5. Qd2 b5 6. Bd3 Bb7 7. Nf3 Nd7 8. a4 b4
9. Ne2 Ngf6 10. d5 a5 11. Nfd4 O-O 12. Bh6 Nc5 13. Bxg7 Kxg7 14. f3 e6 15. dxe6
fxe6 16. Qg5 Kh8 17. Nf4 Qe8 18. e5 Nd5 19. Bxg6 Qe7 20. Qxe7 Nxe7 21. Nfxe6
Nxe6 22. Nxe6 Nxg6 23. Nxf8 Rxf8 24. exd6 cxd6 25. Rd1 Nh4 26. Rg1 Bxf3 27.
gxf3 Nxf3+ 28. Ke2 Nxg1+ 29. Rxg1 Rc8 30. Kd3 Rc5 31. Rg4 d5 32. Rg5 h6 33. Rg6
Kh7 34. Rb6 Rc4 35. Rb5 Rh4 36. Rxa5 Rh3+ 37. Kd4 Rxh2 38. Rc5 Rh1 39. a5 h5
40. Kxd5 h4 41. Kc4 Kg6 42. Rc8 Kg7 43. Kb3 h3 44. Rc4 Kg6 45. a6 Kg5 46. Rc5+
Kg4 47. Ra5 1-0

[Event "Sydney International Open"]
[Site "Parramatta, NSW, Australia"]
[Date "2008.03.29"]
[Round "9.8"]
[White "Chow, Sam"]
[Black "Bitansky, Igor"]
[Result "0-1"]
[WhiteElo "2240"]
[BlackElo "2424"]
[Annotator "www.chessaustralia.com.au"]
[PlyCount "86"]
[EventDate "2008.03.27"]
[EventType "game"]
[EventRounds "9"]
[EventCountry "AUS"]
[Source "ACE"]

1. d4 g6 2. c4 Bg7 3. e3 Nf6 4. Nc3 O-O 5. g3 d6 6. Bg2 Nc6 7. Nge2 a6 8. O-O
Bd7 9. a3 Na5 10. b3 Rb8 11. a4 c5 12. Ba3 b6 13. Qc2 Qc8 14. Rfd1 Bg4 15. d5
Bxe2 16. Nxe2 b5 17. axb5 axb5 18. Bb2 Qc7 19. Bc3 Ra8 20. Ra2 b4 21. Bb2 Ra6
22. e4 Rfa8 23. e5 dxe5 24. d6 exd6 25. Bxa8 Rxa8 26. Qd3 Ra6 27. f4 e4 28. Qc2
Qb6 29. Rda1 h5 30. h3 Kh7 31. Kh2 d5 32. cxd5 c4 33. Bd4 Qd8 34. Nc1 h4 35. g4
Qxd5 36. Bxf6 Bxf6 37. bxc4 Qd6 38. Rxa5 Qxf4+ 39. Kh1 Qf1+ 40. Kh2 Qf4+ 41.
Kh1 Bxa1 42. Rd5 Qf1+ 43. Kh2 Rf6 0-1

[Event "Sydney International Open"]
[Site "Parramatta, NSW, Australia"]
[Date "2008.03.29"]
[Round "9.10"]
[White "Zozulia, Anna"]
[Black "Goldenberg, Igor"]
[Result "1/2-1/2"]
[WhiteElo "2344"]
[BlackElo "2395"]
[Annotator "www.chessaustralia.com.au"]
[PlyCount "78"]
[EventDate "2008.03.27"]
[EventType "game"]
[EventRounds "9"]
[EventCountry "AUS"]
[Source "ACE"]

1. e4 c5 2. Nf3 Nc6 3. d4 cxd4 4. Nxd4 Nf6 5. Nc3 d6 6. Be2 e6 7. O-O Be7 8.
Kh1 Bd7 9. f4 Nxd4 10. Qxd4 Bc6 11. Bf3 O-O 12. Be3 Qc7 13. a4 b6 14. Qd3 a6
15. Rad1 Qb7 16. Bg1 Rfd8 17. Qe2 Nd7 18. e5 Bxf3 19. Rxf3 dxe5 20. fxe5 Qc7
21. Bd4 Bc5 22. Rfd3 Bxd4 23. Rxd4 Nf8 24. Rxd8 Rxd8 25. Rxd8 Qxd8 26. Qxa6 Qd2
27. Qxb6 Qc1+ 28. Qg1 Qxb2 29. Qe1 h6 30. h3 Nd7 31. Qe3 Qb4 32. Kh2 Nc5 33.
Qf3 Qd4 34. Qg3 Nxa4 35. Nxa4 Qxa4 36. Qf2 Qe4 37. Qc5 g5 38. c3 Qf4+ 39. Kg1
Kg7 1/2-1/2

[Event "Sydney International Open"]
[Site "*"]
[Date "2007.04.10"]
[Round "1.4"]
[White "Davis, Tony J"]
[Black "Chandler, Murray G"]
[Result "0-1"]
[WhiteElo "1978"]
[BlackElo "2548"]
[PlyCount "83"]

1. d4 Nf6 2. Nc3 d5 3. Bg5 Nbd7 4. f3 h6 5. Bh4 c6 6. e4 Qb6 7. Qd2 dxe4 8.
O-O-O e6 9. fxe4 Bb4 10. Re1 Qa5 11. Kb1 b6 12. Nf3 Bb7 13. Bc4 b5 14. Bb3 c5
15. dxc5 Rc8 16. Bd5 Bxc3 17. bxc3 Nxc5 18. Bxb7 Nxb7 19. Bxf6 gxf6 20. Re3 Nc5
21. Rd1 Qc7 22. Nd4 a6 23. Qf2 Qe5 24. Rde1 Na4 25. Qd2 Rg8 26. Rh3 h5 27. Ree3
Rg4 28. Nf5 Kf8 29. Qd6+ Qxd6 30. Nxd6 Rd8 31. Rd3 Rxg2 32. a3 Ke7 33. Nb7 Rxd3
34. Rxd3 Rxh2 35. Na5 Re2 36. Nc6+ Kf8 37. Nb8 Rxe4 38. Nxa6 Rc4 39. Rh3 h4 40.
Kc1 Nxc3 41. Kd2 Ne4+ 42. Ke3 0-1

[Event "Sydney International Open"]
[Site "*"]
[Date "2007.04.10"]
[Round "1.7"]
[White "Zhao, Zong-Yuan"]
[Black "Holland, Dennis"]
[Result "1-0"]
[WhiteElo "2476"]
[BlackElo "1961"]
[PlyCount "67"]

1. e4 e6 2. d4 d5 3. Nd2 Nf6 4. e5 Nfd7 5. c3 c5 6. f4 Nc6 7. Ndf3 Be7 8. Bd3
cxd4 9. cxd4 Nb6 10. Ne2 Bd7 11. O-O Qc7 12. a3 Na5 13. b3 Rc8 14. Bd2 Na8 15.
Rb1 b5 16. f5 Qb6 17. Qe1 Nc6 18. Qg3 Bf8 19. fxe6 Bxe6 20. Be3 Nc7 21. Nf4 Ne7
22. Nh5 Ng6 23. Ng5 a6 24. b4 Rd8 25. Rb2 Rd7 26. Rbf2 Qc6 27. Nxh7 Rxh7 28.
Bxg6 Rh8 29. Nf4 a5 30. Nxe6 Qxe6 31. Rxf7 Rxf7 32. Bxf7+ Qxf7 33. Rxf7 Kxf7
34. Qf3+ 1-0

[Event "Sydney International Open"]
[Site "*"]
[Date "2007.04.10"]
[Round "1.11"]
[White "Solomon, Stephen J"]
[Black "Maroroa, Sue"]
[Result "1-0"]
[WhiteElo "2430"]
[BlackElo "1932"]
[PlyCount "53"]

1. e4 e5 2. Nf3 Nc6 3. Bb5 a6 4. Bxc6 dxc6 5. O-O Bg4 6. h3 Bxf3 7. Qxf3 Bc5 8.
d3 Qf6 9. Qg3 h6 10. Be3 Bxe3 11. fxe3 Qg5 12. Qf2 f6 13. Nd2 Ne7 14. a4 O-O
15. a5 c5 16. Nf3 Qg6 17. Qd2 Qe8 18. Qc3 Qc6 19. b3 Rad8 20. Ra4 Rd6 21. Rc4
b6 22. b4 Re6 23. Ra1 Qb7 24. Qb3 Rf7 25. Rxc5 bxc5 26. Qxe6 cxb4 27. Nxe5 1-0

[Event "Sydney International Open"]
[Site "*"]
[Date "2007.04.10"]
[Round "1.12"]
[White "Dickson, Ian C"]
[Black "Bakre, Tejas"]
[Result "0-1"]
[WhiteElo "1923"]
[BlackElo "2426"]
[PlyCount "80"]

1. Nf3 c5 2. c4 Nc6 3. d4 cxd4 4. Nxd4 Nf6 5. Nc3 e6 6. e3 Bb4 7. Bd2 O-O 8.
Be2 d5 9. Nxc6 bxc6 10. cxd5 cxd5 11. O-O Bd6 12. Nb5 Bb8 13. Bf3 Ba6 14. Qb3
Bxh2+ 15. Kxh2 Qb8+ 16. Kg1 Qxb5 17. Qxb5 Bxb5 18. Rfc1 Rfc8 19. Bc3 Bd3 20.
Bxf6 gxf6 21. Rd1 Bg6 22. Rac1 Kf8 23. Be2 Bc2 24. Ba6 Bxd1 25. Rxc8+ Rxc8 26.
Bxc8 Be2 27. Bd7 Ke7 28. Ba4 h5 29. f3 h4 30. Kf2 Bd3 31. b4 e5 32. a3 f5 33.
Bb3 Kd6 34. Ba4 f6 35. Be8 f4 36. exf4 exf4 37. Ba4 Ke5 38. Bd7 Kd4 39. a4 Kc3
40. b5 Kb4 0-1

[Event "Sydney International Open"]
[Site "*"]
[Date "2007.04.10"]
[Round "1.17"]
[White "Goldenberg, Igor"]
[Black "Tsagarakis, Angelo"]
[Result "1-0"]
[WhiteElo "2388"]
[BlackElo "1901"]
[PlyCount "123"]

1. d4 Nf6 2. Nf3 c5 3. d5 b5 4. Bg5 Qb6 5. c3 g6 6. Bxf6 exf6 7. Nbd2 d6 8. a4
Bb7 9. e4 a6 10. Qb3 Bg7 11. axb5 O-O 12. Bd3 axb5 13. Rxa8 Bxa8 14. Qxb5 Qc7
15. O-O Nd7 16. Ra1 Rb8 17. Qa4 Bb7 18. Qc2 Bc8 19. Nc4 Nb6 20. Nfd2 h5 21.
Nxb6 Qxb6 22. Nc4 Qc7 23. h3 Bd7 24. Bf1 Bb5 25. Nd2 Bd7 26. Ra2 Kh7 27. Bd3
Bh6 28. Nc4 Bb5 29. Na3 Bd7 30. Qe2 Qb6 31. Qf3 Kg7 32. Nc4 Qc7 33. Qg3 Bc1 34.
Qxd6 Qxd6 35. Nxd6 Bxb2 36. Bb5 Rb6 37. Bxd7 Rxd6 38. Rxb2 Rxd7 39. Rb5 f5 40.
f3 fxe4 41. fxe4 f5 42. Rxc5 fxe4 43. c4 Kf6 44. Rc6+ Kf5 45. Kf2 Rb7 46. Ke3
Rb2 47. Kd4 Rd2+ 48. Kc5 e3 49. Re6 h4 50. Kd6 Rd4 51. Rxe3 Rxc4 52. Re2 g5 53.
Rf2+ Rf4 54. Rxf4+ Kxf4 55. Ke6 Kg3 56. Kf5 g4 57. d6 gxh3 58. gxh3 Kxh3 59. d7
Kg3 60. d8=Q h3 61. Qg5+ Kh2 62. Qg4 1-0

[Event "Sydney International Open"]
[Site "*"]
[Date "2007.04.10"]
[Round "1.22"]
[White "Wu, Edwin"]
[Black "Smirnov, Vladimir"]
[Result "1-0"]
[WhiteElo "1875"]
[BlackElo "2319"]
[PlyCount "90"]

1. d4 Nc6 2. Nf3 d6 3. c4 e5 4. dxe5 Nxe5 5. Nxe5 dxe5 6. Qxd8+ Kxd8 7. e4 c6
8. Nc3 Be6 9. Be3 Bb4 10. O-O-O+ Kc7 11. Na4 Nf6 12. f3 b5 13. Nc5 Bxc5 14.
Bxc5 Nd7 15. Bd6+ Kb6 16. b3 a5 17. a4 bxa4 18. bxa4 c5 19. Be2 Kc6 20. f4 exf4
21. e5 Kb6 22. Rd2 Ka6 23. Bf3 Rac8 24. Rb2 Nb6 25. Rd1 Bxc4 26. Rdd2 Be6 27.
Rxb6+ Kxb6 28. Rb2+ Ka6 29. Rb5 Bd7 30. Rb7 Bc6 31. Bxc6 Rxc6 32. Rxf7 g5 33.
Rd7 Kb6 34. Kc2 Rcc8 35. Kc3 Kc6 36. Ra7 Kd5 37. Rxa5 g4 38. Kd3 h5 39. Rb5 Rh7
40. a5 Rf7 41. Ke2 f3+ 42. gxf3 Rxf3 43. a6 Ra3 44. Rb6 Rc6 45. e6 Rxb6 1-0

[Event "Sydney International Open"]
[Site "*"]
[Date "2007.04.10"]
[Round "1.26"]
[White "Smith, Robert W"]
[Black "Dunlop, Gordon"]
[Result "1-0"]
[WhiteElo "2294"]
[BlackElo "1859"]
[PlyCount "79"]

1. e4 c5 2. d3 Nc6 3. g3 g6 4. Bg2 Bg7 5. c3 d6 6. f4 e6 7. Nf3 Nge7 8. O-O O-O
9. Be3 Rb8 10. d4 cxd4 11. cxd4 d5 12. e5 b5 13. Nbd2 a5 14. Nb3 a4 15. Nc5 Na5
16. b3 axb3 17. axb3 Nb7 18. Qc2 Nf5 19. Bf2 Nxc5 20. dxc5 Qc7 21. g4 Ne7 22.
g5 Rd8 23. Nd4 Nc6 24. Nxc6 Qxc6 25. b4 Bd7 26. Bd4 Ra8 27. Bf3 Ra6 28. Rxa6
Qxa6 29. Ra1 Qb7 30. Qa2 Bc6 31. Be2 h5 32. Qa6 Rb8 33. Qxb7 Rxb7 34. Ra6 Rc7
35. Rb6 Bf8 36. Bxb5 Bxb5 37. Rxb5 Ra7 38. Ra5 Rb7 39. b5 Be7 40. c6 1-0

[Event "Sydney International Open"]
[Site "*"]
[Date "2007.04.10"]
[Round "1.26"]
[White "Redgrave, John"]
[Black "Steadman, Michael"]
[Result "0-1"]
[WhiteElo "1857"]
[BlackElo "2273"]
[PlyCount "70"]

1. e4 e6 2. d4 d5 3. e5 c5 4. Qg4 Qa5+ 5. c3 cxd4 6. Nf3 dxc3 7. Nxc3 Nc6 8.
Bb5 Bd7 9. Bxc6 bxc6 10. O-O Ne7 11. Bd2 Qa6 12. Nd4 Ng6 13. Rfe1 Rb8 14. h4 h5
15. Qg3 c5 16. Nxd5 Qb7 17. Nxe6 Bxe6 18. Nf6+ gxf6 19. exf6 Rg8 20. Bg5 c4 21.
Re2 Bb4 22. a3 Bc5 23. Rae1 Nf8 24. Qf4 Rc8 25. Kh1 Qa6 26. Rd2 Nd7 27. Qe4 Rg6
28. Qf3 Qc6 29. Qxh5 Nxf6 30. Qd1 Kf8 31. f4 Ne4 32. Rd8+ Kg7 33. Rxe4 Qxe4 34.
Rd2 Rxg5 35. Re2 Rg4 0-1

[Event "Sydney International Open"]
[Site "*"]
[Date "2007.04.10"]
[Round "1.30"]
[White "Harris, Benjamin"]
[Black "Repllinger, Marc"]
[Result "0-1"]
[WhiteElo "1819"]
[BlackElo "2239"]
[PlyCount "144"]

1. d4 d5 2. c4 c6 3. Nf3 Nf6 4. Nc3 dxc4 5. a4 Bf5 6. e3 e6 7. Bxc4 Bb4 8. O-O
O-O 9. Qb3 Qe7 10. Nh4 Nbd7 11. Nxf5 exf5 12. Bd3 g6 13. Qc2 Rfe8 14. Rd1 Rac8
15. Bf1 a5 16. g3 Nb6 17. Bg2 Nbd5 18. Bd2 h5 19. Qd3 h4 20. Rac1 Rcd8 21. Na2
Ne4 22. Nxb4 Nxb4 23. Qb3 Nxd2 24. Rxd2 Rd6 25. Rdd1 Red8 26. Rc5 b6 27. Rcc1
hxg3 28. hxg3 Qg5 29. Rd2 c5 30. Rcd1 Qf6 31. Qc3 cxd4 32. Rxd4 Rxd4 33. Rxd4
Rxd4 34. exd4 f4 35. gxf4 Qxf4 36. Qe3 Qd6 37. b3 Nc2 38. Qe8+ Kg7 39. Qe5+ Qf6
40. Bd5 Nxd4 41. Qe3 Nf5 42. Qf3 Qa1+ 43. Kh2 Qe5+ 44. Kg1 Nd4 45. Qxf7+ Kh6
46. Bc4 Qf5 47. Qxf5 gxf5 48. f4 Kh5 49. Kf2 Kg4 50. Ke3 Nc2+ 51. Kd2 Nb4 52.
Ke3 Nc6 53. Be2+ Kg3 54. Bd3 Ne7 55. Bc4 Kg4 56. Be2+ Kg3 57. Bc4 Ng6 58. Bd3
Nh4 59. Kd4 Kxf4 60. Kc4 Ke3 61. Bf1 Nf3 62. Kb5 Nd2 63. Bh3 f4 64. Kxb6 Nxb3
65. Be6 Nd2 66. Kxa5 f3 67. Kb4 f2 68. Bh3 Kf3 69. a5 Kg3 70. a6 Kxh3 71. a7
f1=Q 72. a8=Q Qc4+ 0-1

[Event "Sydney International Open"]
[Site "*"]
[Date "2007.04.10"]
[Round "1.31"]
[White "Pyke, Malcolm L"]
[Black "Descallar, Levi"]
[Result "1-0"]
[WhiteElo "2235"]
[BlackElo "1787"]
[PlyCount "71"]

1. Nf3 d5 2. d4 Nf6 3. c4 c6 4. Qc2 e6 5. g3 Be7 6. Bg2 O-O 7. O-O Nbd7 8. Nbd2
b6 9. e4 dxe4 10. Nxe4 Bb7 11. Nxf6+ Bxf6 12. c5 Qc7 13. Be3 e5 14. dxe5 Nxe5
15. Nxe5 Qxe5 16. Rab1 bxc5 17. Bxc5 Rfe8 18. Rfd1 Rad8 19. b4 Qe2 20. Qxe2
Rxe2 21. Rxd8+ Bxd8 22. b5 h6 23. bxc6 Bc8 24. Bf3 Re8 25. Bxa7 Bh3 26. Be3 Bc7
27. Rb7 Rb8 28. Rxb8+ Bxb8 29. Bb6 Bd6 30. a4 Be6 31. Be2 Kf8 32. a5 Bd5 33.
Bb5 Ke7 34. a6 Bb8 35. a7 Bxa7 36. Bxa7 1-0

[Event "Sydney International Open"]
[Site "*"]
[Date "2007.04.10"]
[Round "1.32"]
[White "Tankel, Alan"]
[Black "Chow, Samuel"]
[Result "0-1"]
[WhiteElo "1780"]
[BlackElo "2220"]
[PlyCount "124"]

1. d4 Nf6 2. c4 g6 3. Nc3 d5 4. cxd5 Nxd5 5. e4 Nxc3 6. bxc3 Bg7 7. Be3 c5 8.
Qd2 cxd4 9. cxd4 Nc6 10. Rd1 O-O 11. Be2 Qa5 12. Qxa5 Nxa5 13. d5 Bc3+ 14. Bd2
Bxd2+ 15. Rxd2 Bd7 16. Nf3 Rfc8 17. O-O Rc3 18. Nd4 Rac8 19. f4 Nc4 20. Bxc4
R8xc4 21. Rb1 b6 22. Rb3 Rc1+ 23. Kf2 Ra4 24. Ke3 Re1+ 25. Kf3 Kf8 26. g3 Rc4
27. Ra3 Ba4 28. Re3 Rec1 29. e5 Rd1 30. Red3 Rf1+ 31. Kg2 Ra1 32. Re3 Ke8 33.
Nb3 Rb1 34. Nd4 Rc5 35. Nb3 Rb5 36. Rdd3 Rb2+ 37. Kh3 Rxa2 38. d6 Rxb3 39. Rxb3
Bxb3 40. Rxb3 exd6 41. exd6 Kd7 42. Rd3 Rc2 43. Ra3 a5 44. Rb3 Rc6 45. Kg4 h6
46. h4 Rxd6 47. h5 Kc6 48. hxg6 fxg6 49. Kf3 b5 50. g4 b4 51. f5 gxf5 52. gxf5
Kc5 53. Ke4 a4 54. Rb1 a3 55. Rc1+ Kb5 56. Ke5 Rd8 57. f6 a2 58. f7 b3 59. Rf1
b2 60. f8=Q Rxf8 61. Rxf8 b1=Q 62. Rb8+ Kc6 0-1

[Event "Sydney International Open"]
[Site "*"]
[Date "2007.04.10"]
[Round "1.33"]
[White "Wright, Neil S"]
[Black "Mandla, Blair"]
[Result "1/2-1/2"]
[WhiteElo "2217"]
[BlackElo "1765"]
[PlyCount "89"]

1. d4 c5 2. d5 f5 3. Nc3 Nf6 4. g3 g6 5. Bg2 Bg7 6. Nh3 O-O 7. O-O d6 8. Nf4
Na6 9. Re1 Nc7 10. a4 Rb8 11. e4 fxe4 12. Nxe4 Nxe4 13. Bxe4 Bf5 14. Qe2 Be5
15. Nd3 Bxe4 16. Qxe4 Bf6 17. Bf4 Qd7 18. c3 Rbe8 19. Rad1 b6 20. Bh6 Rf7 21.
Nf4 e5 22. dxe6 Nxe6 23. Nxe6 Rfe7 24. Bf4 Rxe6 25. Qd5 Qf7 26. Rxe6 Rxe6 27.
Kf1 Be5 28. Re1 Re7 29. Qxf7+ Kxf7 30. Bxe5 Rxe5 31. Rxe5 dxe5 32. Ke2 Ke6 33.
Kd3 Kd5 34. c4+ Ke6 35. g4 Kf6 36. h4 g5 37. h5 h6 38. Ke4 Ke6 39. a5 bxa5 40.
b3 a6 41. f3 a4 42. bxa4 a5 43. Ke3 Ke7 44. Kd3 Kd7 45. Ke4 1/2-1/2

[Event "Sydney International Open"]
[Site "*"]
[Date "2007.04.??"]
[Round "1.34"]
[White "Smith, Vivian"]
[Black "Tredinnick, Malcolm Robert"]
[Result "1-0"]
[WhiteElo "1742"]
[BlackElo "2205"]
[PlyCount "51"]

1. e4 c5 2. Nc3 Nc6 3. f4 g6 4. Nf3 Bg7 5. Bc4 e6 6. O-O Nge7 7. d3 d5 8. Bb5
O-O 9. Bxc6 Nxc6 10. e5 f6 11. exf6 Bxf6 12. Ne2 Nd4 13. Nexd4 cxd4 14. Qe2 Bd7
15. b3 Qc7 16. g3 Rac8 17. Ba3 Rfe8 18. Ne5 b5 19. Rac1 g5 20. Ng4 Bd8 21. Nh6+
Kg7 22. Qh5 e5 23. fxg5 Be6 24. Qxe8 Bxg5 25. Qxe6 Bxh6 26. Qf6+ 1-0

[Event "Sydney International Open"]
[Site "*"]
[Date "2007.04.10"]
[Round "1.35"]
[White "Dragicevic, Domagoj"]
[Black "Zulfic, Fedja"]
[Result "1/2-1/2"]
[WhiteElo "2196"]
[BlackElo "1719"]
[PlyCount "105"]

1. e4 c5 2. Nc3 Nc6 3. g3 g6 4. Bg2 Bg7 5. d3 d6 6. Be3 e5 7. Qd2 Nge7 8. Nge2
O-O 9. O-O Be6 10. f4 f5 11. fxe5 Bxe5 12. Bg5 Qd7 13. Nf4 Bf7 14. Bh3 Bd4+ 15.
Kh1 a6 16. exf5 Nxf5 17. Ne4 Be6 18. Bh6 Nxg3+ 19. Nxg3 Bxh3 20. Nxh3 Rxf1+ 21.
Rxf1 Qxh3 22. Qf4 Qc8 23. Qxd6 Bg7 24. Qd5+ Kh8 25. Bxg7+ Kxg7 26. Rf7+ Kh8 27.
Qxc5 Qe6 28. Rf8+ Rxf8 29. Qxf8+ Qg8 30. Qxg8+ Kxg8 31. c3 Ne5 32. d4 Nd3 33.
b4 b5 34. Kg2 Kf7 35. Kf3 Ke6 36. Ke3 Nc1 37. Ke4 Nxa2 38. Ne2 h6 39. d5+ Kd6
40. Kd4 g5 41. Ke4 h5 42. h3 g4 43. hxg4 hxg4 44. Kd4 Kc7 45. Ke5 Kd7 46. d6 g3
47. Nxg3 Nxc3 48. Nh5 Na2 49. Nf6+ Kd8 50. d7 Ke7 51. Kd5 Nxb4+ 52. Kc5 a5 53.
Kxb5 1/2-1/2

[Event "Sydney International Open"]
[Site "*"]
[Date "2007.04.10"]
[Round "1.36"]
[White "Cvetkoski, Tode"]
[Black "Dowden, Tony"]
[Result "0-1"]
[WhiteElo "1705"]
[BlackElo "2190"]
[PlyCount "92"]

1. e4 e6 2. d4 d5 3. exd5 exd5 4. Bd3 Nc6 5. c3 Bd6 6. Be3 Nge7 7. Ne2 Bg4 8.
Nd2 Qd7 9. Qc2 Bf5 10. Bf4 Bxd3 11. Qxd3 O-O-O 12. Bxd6 Qxd6 13. O-O-O Kb8 14.
g3 h5 15. h4 Qd7 16. Rde1 Ng6 17. b4 Nce7 18. Nb3 Nc8 19. Kb2 Nd6 20. Nd2 Rde8
21. Nc1 Qc6 22. Ncb3 b6 23. Na1 Kb7 24. Nc2 Ra8 25. a3 a5 26. Ra1 Rhe8 27. Ne3
Ne7 28. Nf3 f6 29. Rhc1 Nc4+ 30. Kb3 Nc8 31. Nd2 N8d6 32. Nexc4 dxc4+ 33. Nxc4
a4+ 34. Kc2 Qxc4 35. Qxc4 Nxc4 36. Kd3 b5 37. Ra2 Kc6 38. Rg1 f5 39. Rc1 Re4
40. Rcc2 Rae8 41. Re2 Rxe2 42. Rxe2 Rxe2 43. Kxe2 Kd5 44. f3 Nxa3 45. Kd3 Nc4
46. Kc2 f4 0-1

[Event "Sydney International Open"]
[Site "*"]
[Date "2007.04.10"]
[Round "1.37"]
[White "Lin, Zhigen Wilson"]
[Black "Nakauchi, Gene"]
[Result "1-0"]
[WhiteElo "2189"]
[BlackElo "1703"]
[PlyCount "115"]

1. e4 c5 2. Nf3 e6 3. c3 d5 4. exd5 Qxd5 5. d4 Nf6 6. Be3 Ng4 7. Nbd2 Nc6 8.
Bc4 Qd8 9. O-O Be7 10. Qe2 Nxe3 11. fxe3 O-O 12. Bd3 Bd7 13. Nc4 Be8 14. Rad1
Qc7 15. dxc5 f6 16. Nd6 Bxd6 17. cxd6 Qb6 18. Kh1 Bf7 19. Be4 Rad8 20. Rd2 Nb8
21. Rfd1 Nd7 22. b4 g6 23. a3 a5 24. Rb2 Nb8 25. Qd2 f5 26. Bb1 axb4 27. axb4
Nc6 28. c4 h6 29. c5 Qa7 30. Qe1 Qa3 31. Qd2 g5 32. Nd4 Nxd4 33. Qxd4 Rfe8 34.
Qe5 Qa4 35. Bc2 Qc6 36. Ra2 Ra8 37. Rxa8 Rxa8 38. Qf6 Qd7 39. Qxh6 g4 40. e4
Ra2 41. Bb1 Rb2 42. Qg5+ Kf8 43. Qh6+ Kg8 44. exf5 Rxb4 45. fxe6 Bxe6 46. Bh7+
Qxh7 47. Qxe6+ Kh8 48. Qe8+ Kg7 49. Qe7+ Kg6 50. Qxh7+ Kxh7 51. d7 b6 52. d8=Q
bxc5 53. Qg5 Rb7 54. Qf5+ Kh6 55. Rd6+ Kg7 56. Rg6+ Kh8 57. Qf8+ Kh7 58. Qg8#
1-0

[Event "Sydney International Open"]
[Site "*"]
[Date "2007.04.10"]
[Round "1.38"]
[White "Marquez, Julius Caesar"]
[Black "Wallis, Christopher"]
[Result "0-1"]
[WhiteElo "1700"]
[BlackElo "2178"]
[PlyCount "56"]

1. e4 e6 2. d4 d5 3. Nc3 Nf6 4. Bg5 dxe4 5. Nxe4 Be7 6. Bd3 Nxe4 7. Bxe7 Qxe7
8. Bxe4 Qb4+ 9. Kf1 Qxb2 10. Rb1 Qxa2 11. Rxb7 Qa6+ 12. Qe2 Bxb7 13. Qxa6 Bxa6+
14. Ke1 c6 15. Nf3 Bc4 16. Kd2 Bd5 17. Bxd5 cxd5 18. Ra1 Nd7 19. Kd3 Ke7 20. c4
dxc4+ 21. Kxc4 Rhb8 22. Nd2 a5 23. Ne4 a4 24. Ra3 Nb6+ 25. Kd3 Nd5 26. Kc2 Rb4
27. Kd3 Rb3+ 28. Rxb3 axb3 0-1

[Event "Sydney International Open"]
[Site "*"]
[Date "2007.04.10"]
[Round "1.39"]
[White "Yu, Ronald"]
[Black "Yu, Sally"]
[Result "1-0"]
[WhiteElo "2177"]
[BlackElo "1697"]
[PlyCount "79"]

1. e4 e5 2. Nf3 Nc6 3. Bc4 Nf6 4. d3 Be7 5. Nc3 d6 6. Bg5 Bg4 7. h3 Bh5 8. g4
Bg6 9. Be3 Qd7 10. Qd2 O-O-O 11. O-O-O h5 12. g5 Nh7 13. h4 Nf8 14. d4 exd4 15.
Nxd4 a6 16. f4 f5 17. gxf6 Bxf6 18. f5 Nxd4 19. Bxd4 Bf7 20. Nd5 Be5 21. Bxe5
dxe5 22. Qg5 Bxd5 23. Rxd5 Qe8 24. Rxd8+ Qxd8 25. Qxg7 Rh7 26. Qxe5 Re7 27. Qf4
Qd4 28. Bd3 Nd7 29. Re1 Nc5 30. Qe3 Nxd3+ 31. cxd3 Qxe3+ 32. Rxe3 Kd7 33. Rg3
Rh7 34. e5 Ke7 35. Kd2 Kd7 36. Ke3 Kc6 37. Ke4 Kd7 38. d4 c6 39. d5 cxd5+ 40.
Kxd5 1-0

[Event "Sydney International Open"]
[Site "*"]
[Date "2007.04.10"]
[Round "1.40"]
[White "Lo, Anthony"]
[Black "Gutierrez Castillo, Paloma"]
[Result "1/2-1/2"]
[WhiteElo "1676"]
[BlackElo "2176"]
[PlyCount "86"]

1. d4 d5 2. Nf3 Nf6 3. Bf4 e6 4. e3 c5 5. c4 Nc6 6. Nc3 a6 7. Be2 dxc4 8. dxc5
Qxd1+ 9. Rxd1 Bxc5 10. Bxc4 b5 11. Bb3 Bb7 12. O-O O-O 13. Bd6 Bxd6 14. Rxd6
Na5 15. Rfd1 Rfc8 16. Ne5 g6 17. h3 Rc7 18. R1d4 Nxb3 19. axb3 Nd5 20. Ne4 f6
21. Nd7 Kf7 22. Ndc5 Bc8 23. Rd8 f5 24. Ng5+ Ke7 25. Ncxe6 Rc1+ 26. Kh2 Bb7 27.
Rxa8 Bxa8 28. e4 Nf6 29. exf5 gxf5 30. Nf4 h6 31. Nge6 Rc2 32. Rd8 Be4 33. Rh8
Rxf2 34. Rxh6 Rxb2 35. Nc5 a5 36. Rg6 Kf7 37. Rg3 Ra2 38. Nfe6 Ke7 39. Nd4 a4
40. Nxb5 Nh5 41. Rg5 Rxg2+ 42. Rxg2 Bxg2 43. Kxg2 axb3 1/2-1/2

[Event "Sydney International Open"]
[Site "*"]
[Date "2007.04.10"]
[Round "1.41"]
[White "Ilic, Ilija"]
[Black "Gearing, Michael"]
[Result "1-0"]
[WhiteElo "2170"]
[BlackElo "1661"]
[PlyCount "127"]

1. d4 Nf6 2. Nc3 d5 3. Bf4 Bf5 4. Qd2 e6 5. f3 h6 6. g4 Bg6 7. Nh3 c6 8. e3
Nbd7 9. Be2 Be7 10. Bg3 Rc8 11. Nf4 Bh7 12. Nd1 c5 13. c3 cxd4 14. exd4 Qb6 15.
Nd3 a6 16. O-O Bd6 17. Kg2 h5 18. g5 Ng8 19. Bxd6 Qxd6 20. Qf4 Qxf4 21. Nxf4
Bf5 22. h4 Ne7 23. Ne3 g6 24. Rfe1 Nb6 25. a4 Kd7 26. Rec1 Nc4 27. Bxc4 dxc4
28. a5 Rc7 29. Rd1 Kd6 30. Rd2 Re8 31. Ra4 Rec8 32. Ne2 Nd5 33. Nxd5 exd5 34.
Rb4 Re7 35. Nf4 Rc6 36. Kf2 b5 37. axb6 Rb7 38. b3 cxb3 39. Rxb3 Rcxb6 40. Ra3
Rc6 41. Rda2 Rbb6 42. Ra5 Be6 43. R2a3 Rb2+ 44. Ke3 Rc2 45. Ne2 Bc8 46. Ra2
Rxa2 47. Rxa2 Rc7 48. Kd2 Kc6 49. Nf4 Bb7 50. Ra5 Rd7 51. Nd3 Kb6 52. Ra1 Bc6
53. Ne5 Rc7 54. c4 dxc4 55. Nxc4+ Kb5 56. Kc3 Bb7 57. Ra5+ Kc6 58. d5+ Kd7 59.
Kd4 Ke8 60. f4 Kd7 61. Ra1 Kc8 62. Rb1 Kb8 63. d6 Rc8 64. Na5 1-0

[Event "Sydney International Open"]
[Site "*"]
[Date "2007.04.10"]
[Round "1.42"]
[White "Ninchich, Milan"]
[Black "Chokshi, Manthan"]
[Result "0-1"]
[WhiteElo "1647"]
[BlackElo "2168"]
[PlyCount "59"]

1. e4 c5 2. Nf3 d6 3. c3 Nf6 4. h3 Nc6 5. d4 cxd4 6. cxd4 Nxe4 7. d5 Qa5+ 8.
Nc3 Nxc3 9. bxc3 Ne5 10. Nxe5 dxe5 11. Qb3 Bd7 12. Bd2 Qc7 13. Be2 g6 14. O-O
Bg7 15. Bg5 h6 16. Be3 b6 17. a4 O-O 18. Qb4 Qd6 19. Qb3 e4 20. Rac1 e6 21. c4
Rac8 22. Rfd1 exd5 23. cxd5 Rxc1 24. Bxc1 Rc8 25. Ba3 Qe5 26. Bb4 a5 27. Bd2
Qd4 28. Bb5 Bxb5 29. Qxb5 Rc2 30. Qe8+ 0-1

[Event "Sydney International Open"]
[Site "*"]
[Date "2007.04.10"]
[Round "1.43"]
[White "Atzmon-Simon, Barak"]
[Black "Neegam, Gor"]
[Result "1-0"]
[WhiteElo "2157"]
[BlackElo "1641"]
[PlyCount "65"]

1. f4 f5 2. Nf3 Nf6 3. b3 b6 4. Bb2 Bb7 5. e3 e6 6. Be2 Be7 7. O-O O-O 8. Re1
Re8 9. Bf1 Bf8 10. d3 d6 11. Nbd2 Nbd7 12. e4 fxe4 13. dxe4 d5 14. e5 Bc5+ 15.
Nd4 Ne4 16. Bd3 Nxd2 17. Qxd2 Qe7 18. Kh1 Bb4 19. c3 Bc5 20. Nb5 Rac8 21. b4 a6
22. Na3 Bxb4 23. cxb4 c5 24. bxc5 bxc5 25. Rad1 c4 26. Bxc4 dxc4 27. Qxd7 Qb4
28. Nxc4 Red8 29. Qxe6+ Kh8 30. Nd6 Rc2 31. Nf7+ Kg8 32. Nh6+ Kh8 33. Rxd8+ 1-0